Alvina Whittaker v Anthony David Kinnear (acting by his agents on Gershinson and Louise Brooks of Allsop LLP being Receivers appointed under the Law of Property Act 1925) (Record no. 83319)
[ view plain ]
| 000 -LEADER | |
|---|---|
| fixed length control field | 01326cab a22001935a 4500 |
| 001 - CONTROL NUMBER | |
| control field | E153578 |
| 008 - FIXED-LENGTH DATA ELEMENTS--GENERAL INFORMATION | |
| fixed length control field | 110808e20110610xxk 000 0 eng d |
| 035 ## - SYSTEM CONTROL NUMBER | |
| System control number | (Sirsi) u153578 |
| 041 0# - LANGUAGE CODE | |
| Language code of text/sound track or separate title | eng |
| 245 00 - TITLE STATEMENT | |
| Title | Alvina Whittaker v Anthony David Kinnear (acting by his agents on Gershinson and Louise Brooks of Allsop LLP being Receivers appointed under the Law of Property Act 1925) |
| Medium | [electronic resource] |
| 260 ## - PUBLICATION, DISTRIBUTION, ETC. | |
| Date of publication, distribution, etc. | 2011 |
| 520 ## - SUMMARY, ETC. | |
| Summary, etc. | [2011] EWHC 1479, 10 June 2011. Considers whether assurances made by a developer (K) to the owner of a property he was purchasing (W), including allowing her to stay in the house for as long as she wanted, can create a proprietary estoppel or a constructive trust in her favour notwithstanding that the parties went on to sign a contract of sale which made no mention of them. Receivers were attempting to gain possession of the house, following K's defaulting on the mortgage. "Held": the appeal was allowed, the order for possession set aside and the case remitted to the Colchester County Court. |
| 590 ## - LOCAL NOTE (RLIN) | |
| Local note | KA |
| 650 24 - SUBJECT ADDED ENTRY--TOPICAL TERM | |
| Topical term or geographic name entry element | WHITTAKER v KINNEAR |
| 651 #4 - SUBJECT ADDED ENTRY--GEOGRAPHIC NAME | |
| Geographic name | England and Wales |
| Chronological subdivision | 1543- |
| 690 ## - LOCAL SUBJECT ADDED ENTRY--TOPICAL TERM (OCLC, RLIN) | |
| Topical term or geographic name as entry element | PROPERTY-ACQUISITION AND DISPOSAL OF PROPERTY |
| 856 40 - ELECTRONIC LOCATION AND ACCESS | |
| Uniform Resource Identifier | <a href="https://www.bailii.org/ew/cases/EWHC/QB/2011/1479.html">https://www.bailii.org/ew/cases/EWHC/QB/2011/1479.html</a> |
| Public note | View the judgement free of charge at www.bailii.org |
| 942 ## - ADDED ENTRY ELEMENTS (KOHA) | |
| Suppress in OPAC | 0 |
| Withdrawn status | Lost status | Source of classification or shelving scheme | Damaged status | Not for loan | Home library | Current library | Shelving location | Date acquired | Total Checkouts | Full call number | Barcode | Date last seen | Copy number | Price effective from | Koha item type |
|---|---|---|---|---|---|---|---|---|---|---|---|---|---|---|---|
| Dewey Decimal Classification | Virtual | Virtual | Online | 08/08/2011 | ONLINE PUBLICATION | 153578-2001 | 06/08/2019 | 1 | 06/08/2019 | Law report |